| 000 | 00559nam a22002177i 4500 | ||
|---|---|---|---|
| 001 | 4440 | ||
| 003 | OSt | ||
| 005 | 20170126082335.0 | ||
| 007 | tu | ||
| 008 | 161220s1999 xxu||||| |||| 00| 0 d | ||
| 024 | 7 |
_a4439 _2RID |
|
| 040 | _cOSt | ||
| 084 |
_a12.31 _a19.20 _2z |
||
| 100 | 1 | _aChen, Yu-Fu | |
| 245 | 0 | 0 | _aFiring Costs: Eurosclerosis or Eurosuccesses? |
| 260 |
_aHamburg : _bHWWA-Institut für Wirtschaftsforschung,Hamburg, _c1999. |
||
| 300 |
_a22 S. ; _c30cm. |
||
| 490 |
_aHWWA-Diskussionspapier _v78 |
||
| 700 | 1 | _aSnower, Dennis | |
| 700 | 1 | _aZoega, Gylfi | |
| 942 | _cB | ||
| 999 |
_c4359 _d4359 |
||